[Event "SRB-ch Semifinal 2022"]
[Site "Paracin"]
[Date "2022.03.18"]
[Round "3.6"]
[White "Blagojevic, Tijana"]
[Black "Stankovic, Milos"]
[Result "1/2-1/2"]
[WhiteElo "2260"]
[BlackElo "2412"]
[Annotator "ChessBase"]
[PlyCount "105"]
[EventDate "2022.03.17"]
[EventType "swiss"]
[EventCountry "SRB"]
[SourceTitle "playchess.com"]
[Source "ChessBase"]
[SourceQuality "1"]
[TimeControl "40/5400+30:1800+30"]

1. e4 {[%emt 1:31:00]} e6 {[%emt 0:01:09]} 2. d4 {[%emt 0:00:00]} d5 {[%emt 0:00:31]} 3. e5 {[%emt 0:00:00]} c5 {[%emt 0:03:39]} 4. c3 {[%emt 0:00:00]} Nc6 {[%emt 0:00:17]} 5. Nf3 {[%emt 0:00:00]} Bd7 {[%emt 0:00:31]} 6. Be2 {[%emt 0:00:00]} Nge7 {[%emt 0:02:34]} 7. Na3 {[%emt 0:00:00]} cxd4 {[%emt 0:01:50]} 8. cxd4 {[%emt 0:00:00]} Nf5 {[%emt 0:01:26]} 9. Nc2 {[%emt 0:00:00]} Be7 {[%emt 0:01:22]} 10. O-O {[%emt 0:00:00]} O-O {[%emt 0:05:58]} 11. Bd3 {[%emt 0:00:00]} Rc8 {[%emt 0:01:53]} 12. Rb1 {[%emt 0:00:00]} Nb4 {[%emt 0:10:01]} 13. Nxb4 {[%emt 0:00:00]} Bxb4 {[%emt 0:00:10]} 14. Bg5 {[%emt 0:00:00]} Be7 {[%emt 0:08:28]} 15. Bxe7 {[%emt 0:00:00]} Nxe7 {[%emt 0:01:02]} 16. Qb3 {[%emt 0:00:00]} Nc6 {[%emt 0:10:26]} 17. Rfc1 {[%emt 0:00:00]} Rc7 {[%emt 0:08:30]} 18. Rc3 {[%emt 0:00:00]} h6 {[%emt 0:03:53]} 19. Rbc1 {[%emt 0:00:00]} Qe7 {[%emt 0:02:50]} 20. Bb1 {[%emt 0:00:00]} Rb8 {[%emt 0:06:38]} 21. Qc2 {[%emt 0:00:00]} g6 {[%emt 0:00:10]} 22. h4 {[%emt 0:00:00]} h5 {[%emt 0:08:00]} 23. Qd2 {[%emt 0:00:00]} Kg7 {[%emt 0:00:07]} 24. Qf4 {[%emt 0:00:00]} Rcc8 {[%emt 0:00:59]} 25. Ng5 {[%emt 0:00:00]} Be8 {[%emt 0:01:21]} 26. g4 {[%emt 0:00:00]} f6 {[%emt 0:06:08]} 27. exf6+ {[%emt 0:00:00]} Qxf6 {[%emt 0:00:06]} 28. gxh5 {[%emt 0:00:00]} Qxf4 {[%emt 0:01:13]} 29. Nxe6+ {[%emt 0:00:00]} Kh6 {[%emt 0:00:10]} 30. Nxf4 {[%emt 0:00:00]} gxh5 {[%emt 0:00:06]} 31. Rd1 {[%emt 0:00:00]} Bf7 {[%emt 0:00:50]} 32. Kh2 {[%emt 0:00:00]} Rg8 {[%emt 0:02:05]} 33. Rg3 {[%emt 0:00:00]} Rbf8 {[%emt 0:00:32]} 34. a3 {[%emt 0:00:00]} a6 {[%emt 0:02:44]} 35. Ba2 {[%emt 0:00:00]} Ne7 {[%emt 0:00:34]} 36. Rdg1 {[%emt 0:00:00]} Nf5 {[%emt 0:00:45]} 37. Rxg8 {[%emt 0:00:18]} Rxg8 {[%emt 0:00:06]} 38. Rxg8 {[%emt 0:01:02]} Bxg8 {[%emt 0:00:06]} 39. Kh3 {[%emt 0:00:28]} Nxd4 {[%emt 0:01:25]} 40. Bxd5 {[%emt 0:00:14]} Bxd5 {[%emt 0:00:42]} 41. Nxd5 {[%emt 0:30:04]} Kg6 {[%emt 0:30:06]} 42. Nf4+ {[%emt 0:00:57]} Kh6 {[%emt 0:00:01]} 43. Nd3 {[%emt 0:00:50]} b6 {[%emt 0:01:48]} 44. Nf4 {[%emt 0:08:30]} b5 {[%emt 0:00:56]} 45. Nd5 {[%emt 0:02:23]} Kg6 {[%emt 0:01:25]} 46. Kg3 {[%emt 0:01:31]} Nf5+ {[%emt 0:02:16]} 47. Kf4 {[%emt 0:00:00]} a5 {[%emt 0:00:00]} 48. b4 {[%emt 0:00:00]} axb4 {[%emt 0:00:00]} 49. axb4 {[%emt 0:00:00]} Nxh4 {[%emt 0:00:00]} 50. Nc3 {[%emt 0:00:00]} Ng2+ {[%emt 0:00:00]} 51. Kg3 {[%emt 0:00:00]} Ne1 {[%emt 0:00:00]} 52. Nxb5 {[%emt 0:00:00]} Nd3 {[%emt 0:00:00]} 53. Nd4 {[%emt 0:00:00]} 1/2-1/2

[Event "SRB-ch Semifinal 2022"]
[Site "Paracin"]
[Date "2022.03.18"]
[Round "3.7"]
[White "Radovanovic, Nikola"]
[Black "Rabrenovic, Vladan"]
[Result "1-0"]
[WhiteElo "2413"]
[BlackElo "2299"]
[Annotator "ChessBase"]
[PlyCount "73"]
[EventDate "2022.03.17"]
[EventType "swiss"]
[EventCountry "SRB"]
[SourceTitle "playchess.com"]
[Source "ChessBase"]
[SourceQuality "1"]
[TimeControl "40/5400+30:1800+30"]

1. e4 {[%emt 0:00:59]} e5 {[%emt 0:01:55]} 2. Nf3 {[%emt 0:00:10]} Nc6 {[%emt 0:00:06]} 3. Bc4 {[%emt 0:03:48]} Bc5 {[%emt 0:00:37]} 4. c3 {[%emt 0:00:27]} Nf6 {[%emt 0:00:08]} 5. d3 {[%emt 0:00:10]} d6 {[%emt 0:00:18]} 6. Nbd2 {[%emt 0:01:44]} a6 {[%emt 0:00:13]} 7. Bb3 {[%emt 0:01:44]} O-O {[%emt 0:00:09]} 8. h3 {[%emt 0:01:00]} h6 {[%emt 0:00:08]} 9. Nf1 {[%emt 0:02:11]} Re8 {[%emt 0:01:11]} 10. Ng3 {[%emt 0:02:43]} Ba7 {[%emt 0:01:27]} 11. O-O {[%emt 0:00:44]} Be6 {[%emt 0:01:04]} 12. Re1 {[%emt 0:06:00]} Bxb3 {[%emt 0:07:42]} 13. Qxb3 {[%emt 0:01:16]} b5 {[%emt 0:01:56]} 14. Be3 {[%emt 0:13:19]} Qd7 {[%emt 0:19:57]} 15. Bxa7 {[%emt 0:07:14]} Rxa7 {[%emt 0:00:10]} 16. d4 {[%emt 0:00:31]} Rb7 {[%emt 0:08:02]} 17. Rad1 {[%emt 0:02:58]} Qc8 {[%emt 0:03:58]} 18. Qc2 {[%emt 0:05:56]} g6 {[%emt 0:23:26]} 19. Qc1 {[%emt 0:06:12]} Kh7 {[%emt 0:01:24]} 20. Nh4 {[%emt 0:02:19]} b4 {[%emt 0:11:27]} 21. f4 {[%emt 0:01:02]} bxc3 {[%emt 0:00:22]} 22. bxc3 {[%emt 0:00:18]} Ng8 {[%emt 0:02:53]} 23. fxe5 {[%emt 0:04:16]} dxe5 {[%emt 0:00:37]} 24. d5 {[%emt 0:00:39]} Nd8 {[%emt 0:01:41]} 25. c4 {[%emt 0:00:22]} c5 {[%emt 0:07:31]} 26. Qc3 {[%emt 0:07:22]} f6 {[%emt 0:00:02]} 27. Rb1 {[%emt 0:06:09]} Ree7 {[%emt 0:01:09]} 28. Qa5 {[%emt 0:01:04]} Rec7 {[%emt 0:02:03]} 29. Rxb7 {[%emt 0:06:02]} Rxb7 {[%emt 0:01:14]} 30. Qxa6 {[%emt 0:00:58]} Qc7 {[%emt 0:01:16]} 31. Rd1 {[%emt 0:01:54]} Ra7 {[%emt 0:00:54]} 32. Qb5 {[%emt 0:00:04]} Nf7 {[%emt 0:00:20]} 33. Qe8 {[%emt 0:02:36]} Qe7 {[%emt 0:00:58]} 34. Qc8 {[%emt 0:00:31]} Rc7 {[%emt 0:00:31]} 35. Qg4 {[%emt 0:00:22]} g5 {[%emt 0:00:35]} 36. Qf5+ {[%emt 0:00:06]} Kg7 {[%emt 0:00:19]} 37. Nh5+ {[%emt 0:00:06]} 1-0

[Event "SRB-ch Semifinal 2022"]
[Site "Paracin"]
[Date "2022.03.18"]
[Round "3.8"]
[White "Gajcin, Marina"]
[Black "Djordjevic, Vuk"]
[Result "1/2-1/2"]
[WhiteElo "2254"]
[BlackElo "2382"]
[Annotator "ChessBase"]
[PlyCount "81"]
[EventDate "2022.03.17"]
[EventType "swiss"]
[EventCountry "SRB"]
[SourceTitle "playchess.com"]
[Source "ChessBase"]
[SourceQuality "1"]
[TimeControl "40/5400+30:1800+30"]

1. e4 {[%emt 0:00:03]} e6 {[%emt 0:02:30]} 2. d4 {[%emt 0:00:10]} d5 {[%emt 0:00:10]} 3. e5 {[%emt 0:00:19]} c5 {[%emt 0:00:15]} 4. c3 {[%emt 0:00:09]} Nc6 {[%emt 0:00:16]} 5. Nf3 {[%emt 0:00:22]} Qb6 {[%emt 0:00:26]} 6. a3 {[%emt 1:32:27]} Nh6 {[%emt 1:29:53]} 7. b4 {[%emt 0:00:30]} cxd4 {[%emt 0:00:00]} 8. cxd4 {[%emt 0:00:00]} Nf5 {[%emt 0:00:00]} 9. Bb2 {[%emt 0:00:00]} Bd7 {[%emt 0:00:00]} 10. g4 {[%emt 0:00:00]} Nfe7 {[%emt 0:00:00]} 11. Nc3 {[%emt 0:00:00]} Na5 {[%emt 0:00:00]} 12. Qc2 {[%emt 0:00:00]} Nc4 {[%emt 0:00:00]} 13. Bxc4 {[%emt 0:00:00]} dxc4 {[%emt 0:00:00]} 14. Nd2 {[%emt 0:03:30]} Qc6 {[%emt 0:00:00]} 15. Nce4 {[%emt 0:00:00]} c3 {[%emt 0:04:30]} 16. Qxc3 {[%emt 0:00:00]} Nd5 {[%emt 0:00:30]} 17. Qxc6 {[%emt 0:00:00]} Bxc6 {[%emt 0:00:00]} 18. f3 {[%emt 0:00:00]} Nf4 {[%emt 0:00:00]} 19. Bc3 {[%emt 0:00:00]} Be7 {[%emt 0:00:00]} 20. Kf2 {[%emt 0:00:00]} h5 {[%emt 0:00:00]} 21. g5 {[%emt 0:00:00]} Nh3+ {[%emt 0:00:00]} 22. Ke3 {[%emt 0:00:00]} Nxg5 {[%emt 0:00:00]} 23. Rhg1 {[%emt 0:00:00]} Nxe4 {[%emt 0:00:00]} 24. Nxe4 {[%emt 0:00:00]} g6 {[%emt 0:00:00]} 25. a4 {[%emt 0:00:00]} O-O {[%emt 0:00:00]} 26. b5 {[%emt 0:00:00]} Bd5 {[%emt 0:00:00]} 27. Rgc1 {[%emt 0:00:00]} f5 {[%emt 0:01:19]} 28. exf6 {[%emt 0:00:00]} Bxf6 {[%emt 0:00:08]} 29. Bb4 {[%emt 0:01:37]} Rf7 {[%emt 0:00:04]} 30. Nxf6+ {[%emt 0:01:20]} Rxf6 {[%emt 0:00:04]} 31. f4 {[%emt 0:00:17]} Rf7 {[%emt 0:02:41]} 32. Ra3 {[%emt 0:03:58]} a6 {[%emt 0:01:30]} 33. Rac3 {[%emt 0:00:58]} axb5 {[%emt 0:00:35]} 34. Rc8+ {[%emt 0:00:22]} Rxc8 {[%emt 0:00:05]} 35. Rxc8+ {[%emt 0:00:01]} Kg7 {[%emt 0:00:11]} 36. axb5 {[%emt 0:01:26]} g5 {[%emt 0:02:31]} 37. Bd6 {[%emt 0:00:56]} gxf4+ {[%emt 0:00:05]} 38. Bxf4 {[%emt 0:00:09]} h4 {[%emt 0:00:30]} 39. Be5+ {[%emt 0:00:20]} Kh7 {[%emt 0:00:28]} 40. Rh8+ {[%emt 0:00:38]} Kg6 {[%emt 0:00:04]} 41. Bf4 {[%emt 0:15:26]} 1/2-1/2

[Event "SRB-ch Semifinal 2022"]
[Site "Paracin"]
[Date "2022.03.18"]
[Round "3.9"]
[White "Arsovic, Zoran"]
[Black "Martic, Ivan"]
[Result "1-0"]
[WhiteElo "2360"]
[BlackElo "2287"]
[Annotator "ChessBase"]
[PlyCount "79"]
[EventDate "2022.03.17"]
[EventType "swiss"]
[EventCountry "SRB"]
[SourceTitle "playchess.com"]
[Source "ChessBase"]
[SourceQuality "1"]
[TimeControl "40/5400+30:1800+30"]

1. Nf3 {[%emt 0:01:43]} d5 {[%emt 0:01:22]} 2. g3 {[%emt 0:00:22]} Nc6 {[%emt 0:00:13]} 3. Bg2 {[%emt 0:05:37]} e5 {[%emt 0:00:26]} 4. d3 {[%emt 0:00:16]} Nf6 {[%emt 0:06:29]} 5. O-O {[%emt 0:00:34]} Be7 {[%emt 0:00:21]} 6. c4 {[%emt 0:02:23]} O-O {[%emt 0:03:04]} 7. cxd5 {[%emt 0:02:55]} Nxd5 {[%emt 0:00:06]} 8. Nc3 {[%emt 0:04:33]} Nb6 {[%emt 0:01:28]} 9. Be3 {[%emt 0:02:18]} Be6 {[%emt 0:02:16]} 10. a3 {[%emt 0:01:51]} f6 {[%emt 0:04:19]} 11. Rc1 {[%emt 0:13:20]} Nd4 {[%emt 0:11:30]} 12. Ne4 {[%emt 0:08:40]} Qd7 {[%emt 0:04:12]} 13. Nfd2 {[%emt 0:10:23]} Na4 {[%emt 0:06:46]} 14. Bxd4 {[%emt 0:18:17]} exd4 {[%emt 0:00:53]} 15. Nf3 {[%emt 0:05:06]} Rfd8 {[%emt 0:23:18]} 16. Qc2 {[%emt 0:02:26]} Rac8 {[%emt 0:00:43]} 17. b3 {[%emt 0:01:03]} Nb6 {[%emt 0:00:39]} 18. b4 {[%emt 0:00:31]} c5 {[%emt 0:06:22]} 19. Nxc5 {[%emt 0:04:57]} Bxc5 {[%emt 0:00:09]} 20. bxc5 {[%emt 0:00:06]} Na4 {[%emt 0:01:03]} 21. Qd2 {[%emt 0:03:08]} Nxc5 {[%emt 0:00:41]} 22. Qb4 {[%emt 0:01:10]} b6 {[%emt 0:00:35]} 23. h4 {[%emt 0:06:11]} Kh8 {[%emt 0:10:10]} 24. Rfe1 {[%emt 0:01:20]} Rb8 {[%emt 0:02:50]} 25. Rb1 {[%emt 0:01:38]} Ba2 {[%emt 0:05:17]} 26. Rb2 {[%emt 0:00:47]} Bf7 {[%emt 0:00:33]} 27. Kh2 {[%emt 0:00:31]} Be6 {[%emt 0:02:43]} 28. Qd2 {[%emt 0:00:40]} Qd6 {[%emt 0:03:31]} 29. Rb4 {[%emt 0:00:27]} Bg8 {[%emt 0:02:16]} 30. Rxd4 {[%emt 0:00:54]} Qe7 {[%emt 0:00:34]} 31. Rxd8 {[%emt 0:00:13]} Rxd8 {[%emt 0:00:03]} 32. Qb4 {[%emt 0:00:17]} Qc7 {[%emt 0:00:28]} 33. Rc1 {[%emt 0:00:17]} a5 {[%emt 0:00:16]} 34. Qb1 {[%emt 0:00:55]} Qd6 {[%emt 0:00:19]} 35. Nd2 {[%emt 0:00:54]} Na4 {[%emt 0:01:04]} 36. Nc4 {[%emt 0:01:09]} Qd4 {[%emt 0:00:43]} 37. Qb3 {[%emt 0:00:31]} Nc5 {[%emt 0:00:46]} 38. Qxb6 {[%emt 0:00:13]} Rc8 {[%emt 0:00:19]} 39. Kg1 {[%emt 0:00:34]} Rd8 {[%emt 0:00:00]} 40. Nxa5 {[%emt 0:00:00]} 1-0

[Event "SRB-ch Semifinal 2022"]
[Site "Paracin"]
[Date "2022.03.19"]
[Round "4.1"]
[White "Zajic, Milan"]
[Black "Pap, Misa"]
[Result "0-1"]
[WhiteElo "2450"]
[BlackElo "2372"]
[Annotator "ChessBase"]
[PlyCount "62"]
[EventDate "2022.03.17"]
[EventType "swiss"]
[EventCountry "SRB"]
[SourceTitle "playchess.com"]
[Source "ChessBase"]
[SourceQuality "1"]
[TimeControl "40/5400+30:1800+30"]

1. e4 {[%emt 0:06:55]} c5 {[%emt 0:01:04]} 2. Nf3 {[%emt 0:00:13]} Nc6 {[%emt 0:00:08]} 3. d4 {[%emt 0:00:09]} cxd4 {[%emt 0:00:08]} 4. Nxd4 {[%emt 0:00:04]} e5 {[%emt 0:00:35]} 5. Nb5 {[%emt 0:00:07]} d6 {[%emt 0:00:05]} 6. N1c3 {[%emt 0:00:09]} a6 {[%emt 0:00:16]} 7. Na3 {[%emt 0:00:03]} b5 {[%emt 0:00:05]} 8. Nd5 {[%emt 0:00:06]} Nge7 {[%emt 0:10:08]} 9. Bd3 {[%emt 0:00:36]} Rb8 {[%emt 0:05:18]} 10. c4 {[%emt 0:01:07]} Nxd5 {[%emt 0:00:49]} 11. exd5 {[%emt 0:02:50]} Nd4 {[%emt 0:01:00]} 12. O-O {[%emt 0:01:40]} Be7 {[%emt 0:04:16]} 13. Be3 {[%emt 0:27:01]} bxc4 {[%emt 0:15:30]} 14. Nxc4 {[%emt 0:00:22]} O-O {[%emt 0:00:36]} 15. Bxd4 {[%emt 0:03:39]} exd4 {[%emt 0:00:20]} 16. Qf3 {[%emt 0:22:39]} a5 {[%emt 0:13:11]} 17. Qe4 {[%emt 0:04:18]} g6 {[%emt 0:00:28]} 18. Qxd4 {[%emt 0:00:31]} Ba6 {[%emt 0:00:33]} 19. Rab1 {[%emt 0:10:36]} Bf6 {[%emt 0:01:28]} 20. Qa7 {[%emt 0:00:21]} Bxc4 {[%emt 0:01:42]} 21. Bxc4 {[%emt 0:00:03]} Bxb2 {[%emt 0:05:06]} 22. Bb3 {[%emt 0:09:50]} Ba3 {[%emt 0:03:37]} 23. Ba4 {[%emt 0:01:19]} Rxb1 {[%emt 0:06:31]} 24. Rxb1 {[%emt 0:00:07]} Bc5 {[%emt 0:00:04]} 25. Qd7 {[%emt 0:02:49]} Qg5 {[%emt 0:09:07]} 26. Bb3 {[%emt 0:04:57]} Qd2 {[%emt 0:13:31]} 27. Rf1 {[%emt 0:00:18]} Rb8 {[%emt 0:00:09]} 28. g3 {[%emt 0:00:45]} Kg7 {[%emt 0:00:26]} 29. Qa4 {[%emt 0:00:40]} h5 {[%emt 0:00:55]} 30. h4 {[%emt 0:00:33]} Rb4 {[%emt 0:01:03]} 31. Qxa5 {[%emt 0:00:36]} Qc3 {[%emt 0:00:20]} 0-1

[Event "SRB-ch Semifinal 2022"]
[Site "Paracin"]
[Date "2022.03.19"]
[Round "4.2"]
[White "Arsovic, Zoran"]
[Black "Ratkovic, Milovan"]
[Result "1/2-1/2"]
[WhiteElo "2360"]
[BlackElo "2440"]
[Annotator "TA"]
[PlyCount "36"]
[EventDate "2022.03.17"]
[EventType "swiss"]
[EventCountry "SRB"]
[SourceTitle "playchess.com"]
[Source "ChessBase"]
[SourceQuality "1"]

{[%evp 13,36,28,11,11,59,21,59,66,66,70,67,63,61,64,83,74,99,103,103,102,130,135,127,140,135]} 1. Nf3 Nf6 2. g3 g6 3. Bg2 Bg7 4. O-O O-O 5. d4 d6 6. Nc3 Nc6 7. d5 $1 {The main line 7.d5 scores better than 7.e4.} Na5 8. e4 {A49: 1 d4 Nf6 2 Nf3 g6 3 g3: Anti-King's Indian systems.} c5 (8... e6 $11) 9. Re1 (9. e5 {is interesting.} dxe5 10. Nxe5 e6 11. Bg5 Qb6 12. Re1) 9... Bg4 10. h3 {White is slightly better.} Bxf3 11. Qxf3 Nd7 12. Qe2 a6 13. a4 {[#]} Qb6 $146 ({Predecessor:} 13... Qc7 14. Bd2 c4 15. Kh2 Rab8 16. Ra2 b6 17. Nd1 Nb7 18. Bc3 b5 19. Bxg7 Kxg7 {1-0 (33) Kovalevskaya,E (2411)-Bronnikova,E (2245) Loo 2013}) 14. Bd2 e6 ({Less strong is} 14... Qxb2 {[#]} 15. Reb1 $1 Qxc2 16. Ra2 $1 Qxc3 17. Bxc3 Bxc3 18. Rc2 $16) 15. Rab1 Rae8 16. b3 exd5 17. Nxd5 Qd8 18. Bf4 {White is more active.} Ne5 {Black did not feel at home in the position after the opening.  Weighted Error Value: White=0.04 (flawless) /Black=0.14 (very precise)} 1/2-1/2

[Event "SRB-ch Semifinal 2022"]
[Site "Paracin"]
[Date "2022.03.19"]
[Round "4.3"]
[White "Milosevic, Milos"]
[Black "Radovanovic, Nikola"]
[Result "1/2-1/2"]
[WhiteElo "2296"]
[BlackElo "2413"]
[Annotator "ChessBase"]
[PlyCount "29"]
[EventDate "2022.03.17"]
[EventType "swiss"]
[EventCountry "SRB"]
[SourceTitle "playchess.com"]
[Source "ChessBase"]
[SourceQuality "1"]
[TimeControl "40/5400+30:1800+30"]

1. e4 {[%emt 0:00:02]} c5 {[%emt 0:02:04]} 2. Nf3 {[%emt 0:00:05]} d6 {[%emt 0:00:13]} 3. d4 {[%emt 0:00:09]} cxd4 {[%emt 0:00:09]} 4. Nxd4 {[%emt 0:00:02]} Nf6 {[%emt 0:00:11]} 5. Nc3 {[%emt 0:00:18]} a6 {[%emt 0:00:15]} 6. Be3 {[%emt 0:00:15]} e5 {[%emt 0:04:25]} 7. Nf3 {[%emt 0:00:28]} Qc7 {[%emt 0:03:00]} 8. a4 {[%emt 0:00:05]} Be6 {[%emt 0:06:43]} 9. a5 {[%emt 0:01:59]} Nbd7 {[%emt 0:01:38]} 10. Be2 {[%emt 0:00:44]} Be7 {[%emt 0:03:06]} 11. O-O {[%emt 0:00:18]} O-O {[%emt 0:05:34]} 12. Nd5 {[%emt 0:01:06]} Nxd5 {[%emt 0:01:11]} 13. exd5 {[%emt 0:00:09]} Bf5 {[%emt 0:00:34]} 14. c4 {[%emt 0:00:07]} Bg6 {[%emt 0:04:07]} 15. b4 {[%emt 0:03:37]} 1/2-1/2

[Event "SRB-ch Semifinal 2022"]
[Site "Paracin"]
[Date "2022.03.19"]
[Round "4.4"]
[White "Budisavljevic, Luka"]
[Black "Tadic, Stefan"]
[Result "1-0"]
[WhiteElo "2511"]
[BlackElo "2336"]
[Annotator "TA"]
[PlyCount "97"]
[EventDate "2022.03.17"]
[EventType "swiss"]
[EventCountry "SRB"]
[SourceTitle "playchess.com"]
[Source "ChessBase"]
[SourceQuality "1"]

{[%evp 14,97,23,14,47,16,21,29,22,13,8,-12,0,0,0,0,0,0,0,0,0,-4,-23,-22,46,24,41,40,70,71,95,97,95,97,92,93,94,82,88,69,104,102,101,95,112,112,171,108,183,183,183,182,183,183,183,183,260,260,1887,5614,1254,29952,29966,29967,29966,29968,29969,29970,29972,29973,29973,29974,29972,29964,29980,29973,29981,29974,29974,29975,29982,29974,29988,29988,29988,29987]} 1. Nf3 e6 2. d4 f5 3. g3 Nf6 4. Bg2 d5 5. O-O Bd6 6. c4 c6 {[%cal Bc7c6,Bc6b5,Bb5b4][%mdl 32]} 7. b3 Qe7 8. Bb2 {[#]} b5 $146 {A90: Dutch Defence: Miscellaneous and Modern Stonewall (with ...Bd6).} ({Predecessor:} 8... b6 9. Qc1 Bb7 10. Ba3 Bxa3 11. Qxa3 Nbd7 12. Rc1 Qxa3 13. Nxa3 Ke7 14. e3 Rhc8 15. Rc2 a5 16. Rac1 Ne4 17. Nb1 {½-½ (49) Vidit,S (2726)-Firouzja,A (2759) chess24.com INT 2021}) 9. cxb5 cxb5 10. Ne5 O-O {White has an edge.} 11. Nc3 a6 12. a4 b4 $1 13. Na2 {[%cal Bc3a2,Ba2c1,Bc1d3][%mdl 32]} a5 14. Nc1 Bb7 15. Ncd3 $36 {[%mdl 2048] White has the initiative.} Rc8 16. f3 Nfd7 17. Qd2 (17. Rc1 $5 {[%cal Rc1c8]}) 17... Nxe5 18. dxe5 Bc5+ ({Black should try} 18... Bc7 $1 $11) 19. Nxc5 $14 Qxc5+ 20. Bd4 Qe7 21. Rfc1 Nd7 22. Ra2 Qd8 23. Rac2 {White is more active.} Rxc2 24. Rxc2 Rc8 25. Rxc8 Qxc8 26. h3 Qc7 27. f4 Ba6 28. g4 g6 29. Qe3 Nf8 (29... Bb7 $16) 30. Bb6 (30. Kf2 $18) 30... Qc2 (30... Qc3 $16 {was worth a try.}) 31. Bxa5 $18 Qd1+ {[#]} 32. Kh2 $1 d4 {[#]} 33. Qf2 Qxb3 34. Qxd4 Qxa4 (34... fxg4 {might work better.} 35. hxg4 Qxa4 36. Bxb4 Bxe2) 35. Bxb4 {Qd6 is the strong threat. A strong pair of Bishops.} ({Less strong is} 35. Qxb4 Qxb4 36. Bxb4 Bxe2 $16) 35... Bxe2 $2 (35... Qd7 36. Qc5 Qe8) 36. Qd6 {[%csl Gb4][%cal Rd6f8]} Qe8 37. Bc6 Qf7 {White mates.} 38. g5 Bc4 39. Qd8 Bb3 40. Be7 Bc4 41. Kg3 Ba2 42. Kf2 Bb3 43. Ke3 Bc4 44. Kd4 Bb3 45. Kc5 Qg7 46. Kd6 Bc4 47. h4 Qf7 48. Qb8 Ba6 49. Qa8 {Weighted Error Value: White=0.05 (flawless) /Black=0.12 (very precise)} 1-0

[Event "SRB-ch Semifinal 2022"]
[Site "Paracin"]
[Date "2022.03.19"]
[Round "4.6"]
[White "Blagojevic, Tijana"]
[Black "Zivkovic, Nemanja"]
[Result "1/2-1/2"]
[WhiteElo "2260"]
[BlackElo "2380"]
[Annotator "NA"]
[PlyCount "117"]
[EventDate "2022.03.17"]
[EventType "swiss"]
[EventCountry "SRB"]
[SourceTitle "playchess.com"]
[Source "ChessBase"]
[SourceQuality "1"]
[TimeControl "40/5400+30:1800+30"]

1. e4 {[%emt 0:00:03]} c5 {[%emt 0:01:11]} 2. Nf3 {[%emt 0:00:06]} d6 {[%emt 0:00:05]} 3. d4 {[%emt 0:00:04]} cxd4 {[%emt 0:00:09]} 4. Qxd4 {[%emt 0:00:06]} a6 {[%emt 0:02:23]} 5. Be2 {[%emt 0:00:24]} Nf6 {[%emt 0:00:14]} 6. O-O {[%emt 0:00:55]} e6 {[%emt 0:08:54]} 7. c4 {[%emt 0:01:52]} Nbd7 {[%emt 0:00:05]} 8. Nc3 {[%emt 0:01:15]} Qc7 {[%emt 0:00:42]} 9. h3 {[%emt 0:04:55]} Be7 {[%emt 0:00:32]} 10. Rd1 {[%emt 0:00:43]} b6 {[%emt 0:01:15]} 11. b3 {[%emt 0:02:22]} Bb7 {[%emt 0:00:49]} 12. Ba3 {[%emt 0:02:27]} Nc5 {[%emt 0:01:39]} 13. Nd2 {[%emt 0:12:45]} O-O {[%emt 0:03:58]} 14. Bf3 {[%emt 0:02:14]} Rfd8 {[%emt 0:08:35]} 15. Bb2 {[%emt 0:03:43]} Rac8 {[%emt 0:01:46]} 16. Rac1 {[%emt 0:00:06]} Ne8 {[%emt 0:01:59]} 17. Nf1 {[%emt 0:03:24]} Bf6 {[%emt 0:07:11]} 18. Qe3 {[%emt 0:00:12]} Qb8 {[%emt 0:01:55]} 19. Ng3 {[%emt 0:02:11]} g6 {[%emt 0:01:45]} 20. b4 {[%emt 0:00:36]} Nd7 {[%emt 0:01:03]} 21. Na4 {[%emt 0:00:49]} Bxb2 {[%emt 0:20:44]} 22. Nxb2 {[%emt 0:00:05]} b5 {[%emt 0:01:10]} 23. Be2 {[%emt 0:08:31]} Bc6 $11 {[%emt 0:02:13]} 24. a3 {[%emt 0:04:21]} Qb6 {[%emt 0:15:38]} 25. Qg5 {[%emt 0:11:25]} Qb7 {[%emt 0:03:13]} 26. f3 {[%emt 0:12:17]} Ndf6 {[%emt 0:01:00]} 27. Kh2 {[%emt 0:01:08]} Kg7 {[%emt 0:01:07]} 28. e5 {[%emt 0:05:41]} dxe5 {[%emt 0:00:02]} 29. Qxe5 {[%emt 0:00:29]} bxc4 {[%emt 0:03:19]} 30. Nxc4 {[%emt 0:00:47]} Bb5 {[%emt 0:01:24]} 31. Na5 {[%emt 0:05:34]} Qb6 {[%emt 0:00:52]} 32. Bxb5 {[%emt 0:03:07]} axb5 {[%emt 0:00:21]} 33. Ne4 {[%emt 0:01:02]} Rxc1 {[%emt 0:02:18]} 34. Rxc1 {[%emt 0:00:18]} Rd5 {[%emt 0:00:17]} 35. Qc3 {[%emt 0:00:44]} Qb8+ {[%emt 0:02:15]} 36. Kh1 {[%emt 0:00:36]} Qf4 {[%emt 0:00:38]} 37. Nb3 {[%emt 0:01:34]} Nd6 {[%emt 0:03:05]} 38. Nbc5 {[%emt 0:01:29]} Ndxe4 {[%emt 0:01:22]} 39. Nxe4 {[%emt 0:00:27]} e5 {[%emt 0:00:47]} 40. Nxf6 {[%emt 0:00:44]} Qxf6 {[%emt 0:00:03]} 41. Qe3 {[%emt 0:32:48]} Qd6 {[%emt 0:06:47]} 42. Rc5 {[%emt 0:00:00]} h5 {[%emt 0:10:29]} 43. Qc3 {[%emt 0:00:00]} h4 {[%emt 0:09:07]} 44. f4 {[%emt 0:00:00]} f6 {[%emt 0:01:58]} 45. Rc6 {[%emt 0:00:00]} Rd1+ {[%emt 0:02:18]} 46. Kh2 {[%emt 0:00:00]} Qd5 {[%emt 0:01:11]} 47. Qc5 {[%emt 0:00:00]} Qxc5 {[%emt 0:02:10]} 48. Rxc5 {[%emt 0:00:00]} Rd3 {[%emt 0:00:45]} 49. fxe5 {[%emt 0:00:00]} fxe5 {[%emt 0:00:04]} 50. Rxe5 {[%emt 0:00:00]} Rxa3 {[%emt 0:00:03]} 51. Rxb5 {[%emt 0:00:00]} Rb3 {[%emt 0:00:10]} 52. Rb8 {[%emt 0:00:00]} Rb1 {[%emt 0:00:07]} 53. b5 {[%emt 0:00:00]} Kh6 {[%emt 0:00:05]} 54. b6 {[%emt 0:00:00]} Kg5 {[%emt 0:00:03]} 55. b7 {[%emt 0:02:25]} Rb4 {[%emt 0:00:07]} 56. Kg1 {[%emt 0:00:06]} Rb2 {[%emt 0:00:02]} 57. Kf1 {[%emt 0:00:24]} Rb1+ {[%emt 0:00:03]} 58. Ke2 {[%emt 0:00:42]} Rb2+ {[%emt 0:00:01]} 59. Kf3 {[%emt 0:00:23]} 1/2-1/2